Państwa Azji Południowo-Wschodniej z pustą mapą - Statystyki

Ogólne statystyki
  • Ten quiz został rozwiązany 2 826 razy
    2 825 od ostatniego zresetowania
  • Średni wynik to 10 z 11
Odpowiedzi na mapie
Odpowiedzi zakodowano w zielono-czerwonej skali na mapie do tego quizu, zgodnie z poniższymi procentami.
 
Statystyki odpowiedzi
Państwo % Poprawnych
Indonezja
97%
Wietnam
97%
Tajlandia
96%
Laos
94%
Malezja
94%
Kambodża
92%
Mjanma
90%
Singapur
90%
Filipiny
88%
Timor Wschodni
83%
Brunei
80%
Nie znaleziono quizów pasujących do podanych kryteriów
Rozkład punktacji
Procent ludzi z każdym wynikiem
Percentyl według liczby udzielonych odpowiedzi
Twoja historia wyników
Nie rozwiązałeś tego quizu od ostatniego zresetowania